Normal view
MARC view
Entry Personal Name
001 - CONTROL NUMBER
- control field: 68198
003 - CONTROL NUMBER IDENTIFIER
- control field: dpl
005 - DATE AND TIME OF LATEST TRANSACTION
- control field: 20240708112217.0
008 - FIXED-LENGTH DATA ELEMENTS
- fixed length control field: 240708|| aca||aabn | a|a d
040 ## - CATALOGING SOURCE
- Original cataloging agency: dpl
- Transcribing agency: dpl
100 ## - HEADING--PERSONAL NAME
- Personal name: शर्मा, दिव्या
670 ## - SOURCE DATA FOUND
- Source citation: Work cat.: (dpl)203985: शर्मा, दिव्या , नई तालीम:, 2024
